000 00975nam a2200241 i 4500
001 86245
003 ES-MaACL
007 t|
008 041220s2003 sp ||||1| spa d
020 _a84-96193-24-1
080 _a7.034(450)"15"(086)
245 0 3 _aLa Venecia de Tiziano [
_hRecurso electrónico].
260 _aMadrid :
_bDolmen,
_c[2003]
300 _a1 disco compacto (CD-ROM) :
_bson., col. ;
_c12 cm.
490 1 _aCiudades del arte ;
_v2
500 _aRequisitos del sistema: PC Pentium II a 200 Mhz ; 64 Mb de RAM ; Windows 95 y superior ; Tarjeta gráfica de 4 Mb y monitor (1024 x 768, 16 bits) ; CD-Rom 16x o superior ; Tarjeta de sonido. Compatible con reproductor DVD con lector de VCD.
650 1 4 _aArte renacentista-
_zItalia-
_vCD-ROM.
_910294
650 1 4 _aArte-
_zVenecia-
_vCD-ROM.
_910145
651 4 _aVenecia-
_xHistoria-
_vCD-ROM.
_99516
830 0 _aCiudades del arte ;
_v2
_9183932
852 _aES-MaACL
_jROT 1/6/2
999 _c86245
_d86245